01145nam a2200313Ia 450000500170000000800570001702000180007404100080009210000280010024501420012825000220027030000470029249000460033952100360038565000390042165000410046065000340050165000370053570000280057270000270060094200150062726400400064233600270068233700330070933800280074204000350077008400110080599900150081620220317001614.000003022013 ck g spa spa a9789588296463 aspa1 aMussapi, Robertod1952-13aLa divina comedia de Dante Alighiericadaptación de Roberto Mussapi ; ilustraciones de Giorgio Bacchin ; traducción de Carmen Salgado aPrimera edición a27 páginasbilustraciones a colorc31 cm aObras maestras de la literatura universal aRecomendado desde los 12 años142LEMBaPoesía italiana ySiglo XX142LEMBaLiteratura italiana ySiglo XX142LEMBaCielo en la literatura 142LEMBaInfierno en la literatura 1 aBacchin, Giorgio9927411 aSalgado, Carmen992742 2loccBKLIT aBogotábCangrejobGato Azulc2013 atextobtxt2rdacontent asin mediaciónbn2rdamedia avolumenbnc2rdacarrier aCO-BoRNBPbspaerdacCO-BoRNBP aP MUS4 c7505d7505